00488 2200169 4500001002100000008004100021035002000062245006200082100002800144260004500172300001300217020002200230084001400252082000800266650002600274990001800300INLIS000000000000782 ind  a0010-0724000782 aKelas Kata Dalam Bahasa IndonesiacHarimurti Kridalaksana aKridalaksana, Harimurti aJakarta :bGramedia Pustaka Utama,c2008 a164 hlm. a978-979-403-085-1 a415 KRI k a415 aTata Bahasa Indonesia aP29/CP/24/782